Statystyki dla Państwa z wulkanicznymi śmierciami

Kliknij tutaj aby rozwiązać quiz!

Ogólne statystyki

  • Ten quiz został rozwiązany 13 razy
  • Średni wynik to 10 z 15

Statystyki odpowiedzi

ŚmierciŚmiercionośny incydentPaństwo% Poprawnych
2 200El Chichón (1998)Meksyk
100%
5 600Keanakakoi (1790)Stany Zjednoczone (Hawaje)
100%
7 100Mt. Wezuwiusz (1631)Włochy
100%
143 000Mt. Tambora (1815)Indonezja
92%
22 200Mt. Unzen (1792)Japonia
92%
29 500Mt. Pele (1902)Francja (Martynika)
69%
25 500Nevado del Ruiz (1985)Kolumbia
69%
10 200Laki (1784)Islandia
62%
1 900Mt. Ararat (1840)Turcja
62%
7 900Mt. Hibok-Hibok (1875)Filipiny
54%
10 200Santa Maria (1902)Gwatemala
54%
5 500Mt. Lamington (1950)Papua Nowa-Gwinea
54%
5 400Tungurahua (1640)Ekwador
46%
2 000San Cristóbal (1982)Nikaragua
38%
30 000Ilopango (536)Salwador
38%

Rozkład punktacji

Percentyl według liczby udzielonych odpowiedzi

Procent ludzi z każdym wynikiem

Twoja historia wyników

Nie rozwiązałeś tego quizu